| 000 | 00465nam a2200181 a 4500 | ||
|---|---|---|---|
| 001 | 3918 | ||
| 003 | CO-ViMGA | ||
| 008 | 141112s2004 ck r 000 u spa d | ||
| 040 |
_aCO-ViMGA _bspa _cCO-ViMGA |
||
| 082 | 0 | 4 | _a808.836 M176 |
| 100 | 1 |
_aMasotta, Oscar _954147 |
|
| 245 | 1 | 0 | _aLa historieta en el mundo moderno |
| 260 |
_aBarcelona : _bPaidós, _c1982 |
||
| 300 | _a175 p : il | ||
| 490 | _aPaidós studio, 30 | ||
| 650 | 1 | 4 | _aTIRAS COMICAS |
| 942 |
_2ddc _cBK |
||
| 999 |
_c15936 _d15936 |
||